| 000 | 00807nam a22002297a 4500 | ||
|---|---|---|---|
| 005 | 20110816142359.0 | ||
| 008 | 110816t xxu||||| |||| 00| 0 eng d | ||
| 010 | _aENG-103312 | ||
| 020 |
_a9788172089634 _c25.00 |
||
| 035 | _aEN-86845 | ||
| 037 | _bDBAD/PUB | ||
| 040 |
_aDPL _bEnglish |
||
| 082 | _a230.35 | ||
| 100 |
_932824 _aRao, Ranga |
||
| 245 |
_aBal vikas for lok vikas / _cby Ranga Rao |
||
| 260 |
_aPrasanthi Nilayam _bSri Sathya Sai Sadhana Trust _c2011 |
||
| 270 |
_aSri Sathya Sai Sadhana Trust _bPrasanthi Nilayam _e515134 |
||
| 300 |
_a71p. : _c22cm (pbk) _bill. |
||
| 700 | _932825 | ||
| 942 |
_2ddc _cEN _h230.35 _mRAO |
||
| 999 |
_c55430 _d55430 |
||